International business : (Record no. 15453)
[ view plain ]
| 000 -LEADER | |
|---|---|
| fixed length control field | 00735nam a2200253 a 4500 |
| 001 - CONTROL NUMBER | |
| control field | 15453 |
| 003 - CONTROL NUMBER IDENTIFIER | |
| rucl marc code | BD-RjUL |
| 005 - DATE AND TIME OF LATEST TRANSACTION | |
| control field | 20211208235823.0 |
| 008 - FIXED-LENGTH DATA ELEMENTS--GENERAL INFORMATION | |
| fixed length control field | 140210s1964 nyu b 001 0 eng |
| 035 ## - SYSTEM CONTROL NUMBER | |
| System control number | (BD-RjUL)15505 |
| System control number | (OCoLC)369202 |
| 040 ## - CATALOGING SOURCE | |
| Original cataloging agency | DLC |
| Transcribing agency | OClU |
| Modifying agency | OCoLC |
| -- | Uk |
| -- | DLC |
| -- | BD-RjUL |
| Language of cataloging | eng |
| 041 ## - LANGUAGE CODE | |
| Language code of text/sound track or separate title | eng |
| 082 ## - DEWEY DECIMAL CLASSIFICATION NUMBER | |
| Edition number | 23 |
| Classification number | 658.18 |
| Author mark and year | MAI 1962 |
| 100 1# - MAIN ENTRY--PERSONAL NAME | |
| Personal name | Martyn, Howe. |
| 9 (RLIN) | 47998 |
| 245 10 - TITLE STATEMENT | |
| Title | International business : |
| Remainder of title | principles and problems / |
| Statement of responsibility, etc. | Howe Martyn |
| 260 ## - PUBLICATION, DISTRIBUTION, ETC. (IMPRINT) | |
| Place of publication, distribution, etc. | New York : |
| Name of publisher, distributor, etc. | Free Press of Glencoe, |
| Date of publication, distribution, etc. | [c1964] |
| 300 ## - PHYSICAL DESCRIPTION | |
| Pagination | xiv, 288 p. ; |
| Size | 22 cm. |
| 504 ## - BIBLIOGRAPHY, ETC. NOTE | |
| Bibliography, etc | Includes index |
| 650 #0 - SUBJECT ADDED ENTRY--TOPICAL TERM | |
| Topical term or geographic name as entry element | International business enterprises. |
| 9 (RLIN) | 47999 |
| 942 ## - ADDED ENTRY ELEMENTS (KOHA) | |
| Source of classification or shelving scheme | Dewey Decimal Classification |
| Koha item type | Books |
| Lost status | Source of classification or shelving scheme | Damaged status | Not for loan | Collection code | Permanent Location | Current Location | Shelving location | Date acquired | Source of acquisition | Cost, normal purchase price | Total Checkouts | Full call number | Date last seen | Copy number | Koha item type |
|---|---|---|---|---|---|---|---|---|---|---|---|---|---|---|---|
| Dewey Decimal Classification | Not For Loan | Non-fiction | Central Library, University of Rajshahi | Central Library, University of Rajshahi | Reading Room | 27/12/1967 | Zeitlinger | 0.55 | 658.18 MAI 1964 | 10/02/2014 | C-1 | Books | |||
| Dewey Decimal Classification | Non-fiction | Central Library, University of Rajshahi | Central Library, University of Rajshahi | 29/12/1971 | Zeitlinger | 658.18 MAI 1962 | 09/09/2019 | C-2 | Books | ||||||
| Dewey Decimal Classification | Non-fiction | Central Library, University of Rajshahi | Central Library, University of Rajshahi | 27/12/1969 | Zeitlinger | 658.18 MAI 1962 | 09/09/2019 | C-3 | Books |